000 01983cam a22005294i 4500
003 PE-LiUPU
005 20250731165557.0
008 150625s r 000 0 d
020 _a9972885798
035 _a(Sirsi) i9789972885792
040 _aPE-LiUPU
_bspa
_cPE-LiUPU
_erda
049 _aPRUA
082 0 4 _a027.85
_bC76
_221
100 1 _aContreras Contreras, Fortunato,
_eautor.
245 1 4 _aLas unidades de información organización y funcionamiento /
_cFortunato Contreras Contreras.
264 1 _aLima :
_bUniversitaria,
_c2005.
300 _a125 páginas :
_bil figuras. tablas ;
_c24 centímetros
336 _atext
_2rdacontent
337 _aunmediated
_2rdamedia
338 _avolume
_2rdacarrier
490 0 _aColección Textos Universitarios. Bibliotecología
504 _aIncluye referencias bibliográficas.
505 0 _aMarco conceptual de las unidades de información. -Infraestructura, Mobiliario y Equipos. -Gestión de la Colección Bibliográfica y Documental. -Procesamiento y Análisis de la Información. -Servicios de Información.
526 _aSEG44
526 _aSEG26
526 _aP151
526 _aP150
526 _aP149
526 _aP146
526 _aP145
526 _aP126
526 _aP125
526 _aP92
526 _aP75
526 _aP74
526 _aP27
526 _aP15
541 _g015-00609-003494;
650 0 4 _aServicios de información.
650 0 4 _aUnidades de información
_xAdministración.
650 0 4 _aUsuarios de la biblioteca.
942 _2ddc
_cBOOK
949 _a027.85 C76
_wDEWEY
_c1
_i55816
_lCCODEBUL1
_mBUL
_p6.00
_r0
_sY
_tBOOK
_u2015-6-25
_xTEOLOGIA
_zUNKNOWN
_0COMPRA
_o.STAFF. Colección General
994 _aC0
_bPEPRU
596 _a1
999 _a027.85 C76
_wDEWEY
_c44684
_i55816
_f2021-11-4
_g5
_lCCODEBUL1
_mBUL
_p6.00
_r0
_sY
_tBOOK
_u2015-6-25
_xBIBLIOTECA
_zUNKNOWN
_0COMPRA
_o.STAFF. Colección General
_d44684
980 _81
_gALBERTO SANCHEZ Responsable de Automatización